000 01112cab a2200289 4500
001 ABS48222
008 090401t1993 xxu||||| |||| 00| 0 eng d
035 _a(Sirsi) u65536
041 _aeng
100 _aLuba, J.
245 _aRecent developments in housing law
260 _c1993
350 _a0
490 _aLegal Action
_vMarch 1993, 11-16(6)
520 _aOutlines recent developments in housing law due to legislation and case law covering the Housing and Urban Development Bill, Asylum and Immigration Appeals Bill, Access to Neighbouring Land Act 1992, security of tenure, possession proceedings, transferring secure tenancies, right to buy, homelessness, repairs, Rent Act 1977, overcrowding, harassment and caravans.
650 _aACCESS TO NEIGHBOURING LAND ACT 1992
650 _aASYLUM AND IMMIGARTION APPEALS BILL
650 _aHOUSING AND URBAN DEVELOPMENT BILL
650 _aPOSSESSION PROCEEDINGS
650 _aRENT ACT 1977
650 _aRIGHT TO BUY
650 _aSECURITY OF TENURE
690 _aHOUSING
700 _aMadge, N.
942 _n0
948 _c04/03/1997
999 _c40867
_d40867